| 000 | 00462nam a2200181 a 4500 | ||
|---|---|---|---|
| 020 | _a0687098 | ||
| 082 | 0 | 0 |
_a200 CRI _a291.0321 CRI |
| 100 | _aCrim, Keith | ||
| 245 | _aAbingdon Dictionary of Living Religions | ||
| 260 |
_aNew York _bAbingdon Press _c1981 |
||
| 300 | _a830p | ||
| 500 | _aincludes index and biblioraphy | ||
| 505 | 2 | _aIndex | |
| 650 | _aDictionary-Religion | ||
| 650 | _aReligion-Dictionary | ||
| 700 | 1 | _aCrim, Keith | |
| 942 | _cBK | ||
| 999 |
_c9683 _d9683 |
||